[Event "III Open"]
[Site "Locri ITA"]
[Date "2015.07.14"]
[Round "2"]
[White "Mercuri, Delia"]
[Black "Rocchetti, Marco"]
[WhiteElo "1556"]
[BlackElo "1852"]
[Result "0-1"]
[PlyCount "140"]
[EventDate "2015.07.13"]

1. e4 d6 2. d4 Nd7 3. Nf3 g6 4. Bc4 Bg7 5. Bxf7+ Kf8 6. Ng5 Ndf6 7. Nc3 Bg4 8.
f3 Bd7 9. Ne6+ Bxe6 10. Bxe6 c6 11. O-O Qb6 12. Kh1 Ne8 13. Rb1 Qxd4 14. Qe2
Nc7 15. Rd1 Qf6 16. Bb3 b5 17. Be3 Qh4 18. Bf2 Qh5 19. a3 Be5 20. g3 Nh6 21. f4
Ng4 22. Bd4 Bxd4 23. Rxd4 Kg7 24. Rd2 Qh3 25. e5 d5 26. Qg2 Qxg2+ 27. Kxg2 e6
28. Ne2 c5 29. c3 h5 30. h4 Rhf8 31. Ng1 Rac8 32. Nh3 Rfd8 33. Ng5 a6 34. Bd1
Ne3+ 35. Kf2 Nxd1+ 36. Rbxd1 Re8 37. Kf3 Re7 38. Kf2 Ne8 39. Nf3 Kh6 40. Ng5
Ng7 41. Nf3 a5 42. b4 axb4 43. axb4 cxb4 44. cxb4 Rc4 45. Nd4 Rb7 46. Rb1 Rb6
47. Ke2 Nf5 48. Nxf5+ gxf5 49. Rb3 Ra6 50. Ke3 Kg6 51. Ke2 Kf7 52. Kd3 Ra1 53.
Ke2 Ke7 54. Rdb2 Kd7 55. Kd2 Ra4 56. Kd3 Ra1 57. Rb1 Ra4 58. Kd2 Kc6 59. Kd3 d4
60. Kd2 Ra2+ 61. R1b2 Ra4 62. Kd3 Kd5 63. Kd2 Ke4 64. Ke2 Ra1 65. Rd2 Rh1 66.
Kf2 Rh2+ 67. Ke1 Rc1+ 68. Rd1 Rh1+ 69. Ke2 Rhxd1 70. Ra3 Ra1 0-1

[Event "III Open"]
[Site "Locri ITA"]
[Date "2015.07.14"]
[Round "2"]
[White "Mollace, Ruggero"]
[Black "Strangio, Giuseppe"]
[WhiteElo "1763"]
[BlackElo "1468"]
[Result "1/2-1/2"]
[PlyCount "122"]
[EventDate "2015.07.13"]

1. e4 c5 2. Nf3 Nc6 3. d4 cxd4 4. Nxd4 Nf6 5. Nc3 e5 6. Nxc6 bxc6 7. Bg5 Be7 8.
Qd2 O-O 9. Be2 Rb8 10. Rb1 Qa5 11. Bxf6 Bxf6 12. O-O Rd8 13. Bc4 Rb4 14. Qd3
Qc5 15. b3 Qd4 16. Qxd4 exd4 17. Ne2 Re8 18. Ng3 a5 19. Nf5 Be5 20. f4 d5 21.
fxe5 dxc4 22. Nd6 Rd8 23. Nxf7 Rf8 24. Nd6 Be6 25. Rxf8+ Kxf8 26. Rf1+ Kg8 27.
Nf5 Bxf5 28. exf5 Kf7 29. a3 Rb7 30. bxc4 Ke7 31. f6+ gxf6 32. Rxf6 Rd7 33.
Rxc6 d3 34. cxd3 Rxd3 35. Rc7+ Ke6 36. Rxh7 Rxa3 37. c5 Kd5 38. g4 Rc3 39. g5
Kxe5 40. Rg7 Rxc5 41. Rg8 Ke6 42. h4 Kf7 43. Rh8 Kg7 44. Rh6 a4 45. Kf2 Rc3 46.
Ra6 Rc4 47. Kg3 Kh7 48. h5 Rd4 49. Ra7+ Kh8 50. h6 Rd3+ 51. Kg4 a3 52. Kh5 Rd6
53. Rxa3 Rd5 54. Ra6 Kh7 55. Ra7+ Kh8 56. Rf7 Kg8 57. Kg6 Rxg5+ 58. Kf6 Rf5+
59. Kxf5 Kxf7 60. Kg5 Kg8 61. Kg6 Kh8 1/2-1/2

[Event "III Open"]
[Site "Locri ITA"]
[Date "2015.07.14"]
[Round "2"]
[White "Mrdja, Milan"]
[Black "Femia, Diego"]
[WhiteElo "2360"]
[BlackElo "1365"]
[Result "1-0"]
[PlyCount "31"]
[EventDate "2015.07.13"]

1. e4 c5 2. Nf3 a6 3. c4 Nc6 4. d4 cxd4 5. Nxd4 Nxd4 6. Qxd4 e6 7. Nc3 d6 8.
Be3 Qf6 9. Qd2 Qd8 10. Be2 g6 11. O-O Bd7 12. Rfd1 Bc6 13. b4 Qd7 14. b5 Bxb5
15. cxb5 axb5 16. Bxb5 1-0

[Event "III Open"]
[Site "Locri ITA"]
[Date "2015.07.14"]
[Round "2"]
[White "Naumkin, Igor"]
[Black "Paragliola, Gennaro"]
[WhiteElo "2437"]
[BlackElo "1495"]
[Result "1-0"]
[PlyCount "53"]
[EventDate "2015.07.13"]

1. d4 Nf6 2. c4 d6 3. Nc3 g6 4. e4 Bg7 5. Nf3 O-O 6. Be2 Nbd7 7. O-O e5 8. Be3
exd4 9. Nxd4 Re8 10. f3 Nc5 11. Qd2 a6 12. Rad1 Bd7 13. Qc2 Qc8 14. Rfe1 Nh5
15. Nd5 f5 16. exf5 gxf5 17. Bf1 Nf6 18. Nc3 Kf7 19. b4 Ne6 20. Nxf5 Nf8 21.
Nxg7 Kxg7 22. Qb2 Kf7 23. Bg5 Ne6 24. Bxf6 Kxf6 25. Nd5+ Kf7 26. Qf6+ Kg8 27.
Ne7+ 1-0

[Event "III Open"]
[Site "Locri ITA"]
[Date "2015.07.14"]
[Round "2"]
[White "Nobile, Stefano"]
[Black "Manti, Elisa"]
[WhiteElo "1819"]
[BlackElo "1481"]
[Result "1-0"]
[PlyCount "119"]
[EventDate "2015.07.13"]

1. g3 d5 2. Bg2 Nf6 3. Nf3 Nc6 4. d3 g6 5. O-O Bg7 6. Nbd2 O-O 7. e4 dxe4 8.
dxe4 e5 9. c3 Qd7 10. Qe2 Rd8 11. Nc4 Qe7 12. a4 a5 13. h3 b6 14. Rd1 Rxd1+ 15.
Qxd1 Nxe4 16. Nfxe5 Bxe5 17. Bxe4 Bb7 18. Qf3 Rd8 19. Bxc6 Bxc6 20. Qxc6 Bxg3
21. Be3 Bh4 22. Kf1 Rd3 23. Qa8+ Kg7 24. Re1 Qf6 25. Qg2 Qf5 26. Bd4+ Kh6 27.
Ne3 Qf4 28. Ng4+ Kh5 29. Nf6+ Bxf6 30. Qg4+ Qxg4 31. hxg4+ Kg5 32. f4+ Kxf4 33.
Bxf6 Kxg4 34. Ke2 Rd5 35. c4 Rd7 36. Ke3 h5 37. Rg1+ Kh3 38. Bg5 c5 39. Kf3
Rd3+ 40. Kf2 Rb3 41. Bf6 Rd3 42. Ke2 Rg3 43. Rxg3+ Kxg3 44. Bd8 h4 45. Bxb6 Kg2
46. Bxc5 h3 47. Bd6 g5 48. c5 g4 49. c6 g3 50. c7 h2 51. c8=Q h1=Q 52. Qa8+ Kh2
53. Bxg3+ Kg1 54. Bf2+ Kh2 55. Qxh1+ Kxh1 56. Kf3 Kh2 57. Bb6 Kh3 58. Bxa5 Kh4
59. Bd8+ Kh5 60. a5 1-0

[Event "III Open"]
[Site "Locri ITA"]
[Date "2015.07.14"]
[Round "2"]
[White "Romeo, Giovanni M."]
[Black "Maduranga, Thushara"]
[WhiteElo "1479"]
[BlackElo "1720"]
[Result "0-1"]
[PlyCount "66"]
[EventDate "2015.07.13"]

1. e4 d6 2. d4 Nf6 3. Nc3 g6 4. Be3 Bg7 5. Qd2 O-O 6. Bd3 Nc6 7. a3 e5 8. d5
Ne7 9. Nge2 Nh5 10. Ng3 Nxg3 11. hxg3 f5 12. Bh6 Rf7 13. Bxg7 Rxg7 14. O-O-O c6
15. exf5 Nxf5 16. dxc6 bxc6 17. Rh2 Qf6 18. Be4 Nd4 19. f4 Bg4 20. Rdh1 Rb8 21.
Rh4 h5 22. Nd1 exf4 23. Rf1 Ne2+ 24. Kb1 Nxg3 25. Rxf4 Qxh4 26. Bxc6 Qe7 27.
Bd5+ Kh8 28. Nf2 Qe5 29. c3 Nf1 30. Qc1 Qxd5 31. Qxf1 Rgb7 32. b4 Qb3+ 33. Ka1
Qxa3+ 0-1

[Event "III Open"]
[Site "Locri ITA"]
[Date "2015.07.14"]
[Round "2"]
[White "Rotstein, Arkadij"]
[Black "Cordi', Domenico"]
[WhiteElo "2502"]
[BlackElo "2037"]
[Result "1-0"]
[PlyCount "86"]
[EventDate "2015.07.13"]

1. e4 e5 2. Nf3 Nc6 3. Bc4 Be7 4. Nc3 Nf6 5. d3 d6 6. a3 O-O 7. h3 a6 8. O-O h6
9. Ba2 Be6 10. Nd5 Bxd5 11. exd5 Nb8 12. d4 e4 13. Nd2 Re8 14. Re1 Bf8 15. c4
c6 16. dxc6 bxc6 17. Nf1 Nbd7 18. Bf4 c5 19. b4 cxd4 20. Qxd4 Ne5 21. Bxe5 Rxe5
22. Rad1 Qc7 23. Ng3 Rae8 24. Bb1 Qc6 25. Re3 g6 26. Ba2 h5 27. f4 exf3 28.
Rxf3 Ne4 29. Nxe4 Rxe4 30. Qf6 Qc7 31. c5 R8e6 32. Bxe6 Rxe6 33. Qf4 Qa7 34.
Rfd3 Be7 35. Rxd6 Bxd6 36. Rxd6 Qc7 37. Qd4 Rxd6 38. cxd6 Qd7 39. a4 h4 40. Kh2
g5 41. a5 f5 42. Qc4+ Kf8 43. Qc7 Ke8 1-0

[Event "III Open"]
[Site "Locri ITA"]
[Date "2015.07.14"]
[Round "2"]
[White "Tricomi, Massimo"]
[Black "Strebkovs, Andrejs"]
[WhiteElo "1930"]
[BlackElo "2356"]
[Result "0-1"]
[PlyCount "77"]
[EventDate "2015.07.13"]

1. b3 Nf6 2. Bb2 d6 3. d4 g6 4. Nf3 Bg7 5. c4 c5 6. e3 O-O 7. Be2 cxd4 8. exd4
Bg4 9. O-O Nc6 10. Nbd2 d5 11. Ne5 Be6 12. Ndf3 Ne4 13. Bd3 f6 14. Nxc6 bxc6
15. Qe2 f5 16. Rad1 Bf7 17. Rfe1 e6 18. Bxe4 fxe4 19. Ne5 Be8 20. Ba3 Rf5 21.
g4 Rf4 22. Bc1 Bxe5 23. dxe5 Rf3 24. g5 Qc7 25. Bb2 Qf7 26. Qf1 Qf5 27. Qg2 Bd7
28. Ba3 a5 29. Bd6 a4 30. Re3 axb3 31. axb3 Ra2 32. Rxf3 exf3 33. Qg3 d4 34. h4
d3 35. Bb4 Re2 36. Ra1 d2 37. Kh2 Re4 38. Rd1 Rg4 39. Qh3 0-1

[Event "III Open"]
[Site "Locri ITA"]
[Date "2015.07.14"]
[Round "2"]
[White "Varvaglione, Antonio"]
[Black "Lazic, Miroljub"]
[WhiteElo "2202"]
[BlackElo "2466"]
[Result "0-1"]
[PlyCount "92"]
[EventDate "2015.07.13"]

1. e4 e5 2. Nf3 d6 3. d4 Qe7 4. Nc3 c6 5. a4 Nf6 6. Bg5 h6 7. Bh4 Bg4 8. dxe5
dxe5 9. Bc4 Nbd7 10. h3 Be6 11. Qd3 Bxc4 12. Qxc4 Qb4 13. Qxb4 Bxb4 14. Nd2 Nh5
15. f3 Nf4 16. Kf1 f6 17. Nc4 Nb6 18. Ne3 O-O-O 19. Bf2 Bxc3 20. bxc3 Rd7 21.
a5 Na8 22. g3 Ne6 23. Nc4 Kb8 24. Ke2 Nac7 25. Rhb1 Nb5 26. Rb3 Rhd8 27. a6 b6
28. Be3 Kc7 29. Na3 Nd6 30. Rab1 c5 31. Nb5+ Nxb5 32. Rxb5 Kc6 33. R5b3 Nc7 34.
Ra1 Nb5 35. c4 Nd6 36. Rc3 f5 37. exf5 Nxf5 38. g4 Nd4+ 39. Kf2 Rf7 40. Bxd4
cxd4 41. Rb3 e4 42. Re1 d3 43. cxd3 Rxf3+ 44. Kg2 Rfxd3 45. Rbb1 R8d4 46. Rf1
Rxc4 0-1

[Event "III Open"]
[Site "Locri ITA"]
[Date "2015.07.15"]
[Round "3"]
[White "Cartella, Giovanni"]
[Black "Varvaglione, Antonio"]
[WhiteElo "1817"]
[BlackElo "2202"]
[Result "0-1"]
[PlyCount "48"]
[EventDate "2015.07.13"]

1. d4 Nf6 2. Nf3 e6 3. Bg5 c5 4. e3 Be7 5. c3 b6 6. Bd3 Bb7 7. Nbd2 O-O 8. Qc2
h6 9. h4 d6 10. Bxf6 Bxf6 11. g4 Re8 12. g5 hxg5 13. hxg5 Bxg5 14. Bb5 Bc6 15.
Qh7+ Kf8 16. Bxc6 Nxc6 17. dxc5 bxc5 18. Qh8+ Ke7 19. Qxg7 Rg8 20. Qh7 Bf6 21.
O-O-O Qa5 22. Qd3 Qxa2 23. Nc4 d5 24. Kc2 Qxc4 0-1

[Event "III Open"]
[Site "Locri ITA"]
[Date "2015.07.15"]
[Round "3"]
[White "Cordi', Domenico"]
[Black "Tricomi, Massimo"]
[WhiteElo "2037"]
[BlackElo "1930"]
[Result "1/2-1/2"]
[PlyCount "70"]
[EventDate "2015.07.13"]

1. e4 d5 2. exd5 Qxd5 3. Nc3 Qd6 4. d4 Nf6 5. Nb5 Qd8 6. c4 c6 7. Nc3 Bg4 8.
Be2 Bxe2 9. Ngxe2 e6 10. O-O Be7 11. Re1 O-O 12. Qb3 Qb6 13. Qxb6 axb6 14. h3
Rd8 15. Be3 Nbd7 16. Rad1 Nb8 17. d5 exd5 18. Bxb6 Rd6 19. cxd5 Nxd5 20. Nxd5
Rxd5 21. Rxd5 cxd5 22. Nf4 Bd6 23. Nxd5 Rxa2 24. Bd4 Nc6 25. Bc3 Ra8 26. Ne3
Bc5 27. Nf5 Rd8 28. g3 h6 29. Kg2 Rd5 30. Ne3 Rd3 31. Nc2 Kf8 32. Re4 Kg8 33.
h4 Rd1 34. Ne3 Rd3 35. Ng4 Bd4 1/2-1/2

[Event "III Open"]
[Site "Locri ITA"]
[Date "2015.07.15"]
[Round "3"]
[White "Familari, Giuseppe"]
[Black "Nobile, Stefano"]
[WhiteElo "1973"]
[BlackElo "1819"]
[Result "1-0"]
[PlyCount "57"]
[EventDate "2015.07.13"]

1. e4 d6 2. b3 Nf6 3. Nc3 e5 4. Bb2 Be7 5. Nf3 Nbd7 6. Qe2 a5 7. O-O-O c6 8. d4
Qc7 9. a4 Nf8 10. dxe5 dxe5 11. Qc4 Ne6 12. Kb1 b6 13. Nxe5 Bc5 14. Nd5 cxd5
15. exd5 Ba6 16. Qh4 Nd8 17. Bxa6 Rxa6 18. Qc4 Ra8 19. Qb5+ Kf8 20. f3 Rc8 21.
Qd3 Ne8 22. Rhe1 Nd6 23. h4 f6 24. Ng4 Kf7 25. h5 N8b7 26. h6 Ne8 27. Qf5 Nd8
28. hxg7 Kxg7 29. Bxf6+ 1-0

[Event "III Open"]
[Site "Locri ITA"]
[Date "2015.07.15"]
[Round "3"]
[White "Femia, Diego"]
[Black "Mollace, Ruggero"]
[WhiteElo "1365"]
[BlackElo "1763"]
[Result "0-1"]
[PlyCount "96"]
[EventDate "2015.07.13"]

1. e4 e6 2. d4 d5 3. exd5 exd5 4. Nf3 Bg4 5. Be2 Nc6 6. c3 h6 7. O-O Nf6 8.
Nfd2 Bxe2 9. Qxe2+ Be7 10. Nf3 O-O 11. Bf4 Re8 12. Qc2 Bd6 13. Bxd6 Qxd6 14.
Re1 Rxe1+ 15. Nxe1 Re8 16. Nd2 Ne7 17. Nef3 Ng6 18. Re1 Rxe1+ 19. Nxe1 Qe6 20.
Nef3 Qe2 21. Qc1 Nf4 22. Qe1 Qa6 23. Qb1 Ng4 24. g3 Nh3+ 25. Kg2 Ngxf2 26. Ng1
Nxg1 27. Qxg1 Ng4 28. Kf3 Qd3+ 29. Kxg4 Qxd2 30. Qh1 Qxb2 31. Qxd5 Qxc3 32.
Qxb7 Qxd4+ 33. Kh3 Qb6 34. Qc8+ Kh7 35. Qf5+ Qg6 36. Qxg6+ Kxg6 37. Kg4 Kf6 38.
Kf4 g5+ 39. Ke4 Ke6 40. a4 f5+ 41. Kd4 Kd6 42. h3 h5 43. Kc4 c5 44. Kb5 Kd5 45.
Ka6 c4 46. Kxa7 c3 47. a5 c2 48. a6 c1=Q 0-1

[Event "III Open"]
[Site "Locri ITA"]
[Date "2015.07.15"]
[Round "3"]
[White "Laketic, Gojko"]
[Black "Rotstein, Arkadij"]
[WhiteElo "2422"]
[BlackElo "2502"]
[Result "1/2-1/2"]
[PlyCount "54"]
[EventDate "2015.07.13"]

1. d4 g6 2. e4 Bg7 3. Nf3 d6 4. Be2 c5 5. d5 Nf6 6. Nc3 O-O 7. O-O Na6 8. Re1
Nc7 9. a4 b6 10. Bg5 h6 11. Bf4 Bb7 12. h3 a6 13. Bc4 Nd7 14. e5 dxe5 15. Nxe5
Nxe5 16. Bxe5 Bxe5 17. Rxe5 Qd6 18. Qe1 b5 19. axb5 axb5 20. Rxa8 Rxa8 21. Nxb5
Nxb5 22. Bxb5 Bxd5 23. Rxe7 Be6 24. Re8+ Rxe8 25. Bxe8 Qb8 26. Bc6 Qxb2 27. c3
Qb8 1/2-1/2

[Event "III Open"]
[Site "Locri ITA"]
[Date "2015.07.15"]
[Round "3"]
[White "Lazic, Miroljub"]
[Black "Mrdja, Milan"]
[WhiteElo "2466"]
[BlackElo "2360"]
[Result "1/2-1/2"]
[PlyCount "45"]
[EventDate "2015.07.13"]

1. c4 e5 2. g3 Nc6 3. Bg2 g6 4. Nc3 Bg7 5. e3 Nge7 6. Nge2 O-O 7. O-O d6 8. d3
Bg4 9. h3 Be6 10. Nd5 Qd7 11. Kh2 Rab8 12. Nec3 Kh8 13. Qd2 a6 14. b3 f5 15.
Bb2 Ng8 16. f4 Rbe8 17. Rae1 Qd8 18. Ne2 Nb8 19. Ndc3 Bc8 20. Ng1 Nd7 21. Nf3
Ngf6 22. Rd1 b6 23. Ng1 1/2-1/2

[Event "III Open"]
[Site "Locri ITA"]
[Date "2015.07.15"]
[Round "3"]
[White "Maduranga, Thushara"]
[Black "Iannello, Andrea"]
[WhiteElo "1720"]
[BlackElo "1985"]
[Result "0-1"]
[PlyCount "52"]
[EventDate "2015.07.13"]

1. e4 c5 2. Nf3 d6 3. d4 cxd4 4. Nxd4 Nf6 5. Nc3 a6 6. Bc4 e6 7. Bg5 Be7 8. O-O
b5 9. Bb3 b4 10. Ba4+ Bd7 11. Bxd7+ Qxd7 12. Bxf6 Bxf6 13. Nce2 O-O 14. Qd2 Nc6
15. Rad1 Rab8 16. b3 Nxd4 17. Nxd4 Rfc8 18. Nf3 Rb6 19. e5 Be7 20. Qd3 d5 21.
Rd2 Rc3 22. Qe2 Qc7 23. Rc1 h6 24. Rd3 Rc5 25. g3 Rb8 26. Nd4 Qa5 0-1

[Event "III Open"]
[Site "Locri ITA"]
[Date "2015.07.15"]
[Round "3"]
[White "Manti, Elisa"]
[Black "Familari, Simone"]
[WhiteElo "1481"]
[BlackElo "1485"]
[Result "0-1"]
[PlyCount "60"]
[EventDate "2015.07.13"]

1. e4 c5 2. Nc3 d6 3. Bc4 Nc6 4. d3 Nf6 5. Nf3 Bg4 6. Be3 e6 7. h3 Bh5 8. g4
Bg6 9. Bg5 Be7 10. a3 h6 11. Bh4 a6 12. Qe2 O-O 13. O-O-O b5 14. Ba2 Qa5 15.
Qd2 b4 16. Ne2 e5 17. g5 hxg5 18. Nxg5 Nd7 19. Rhg1 Nb6 20. Ne6 Rfc8 21. Rg4
Na4 22. c3 Rab8 23. cxb4 cxb4 24. Rf1 bxa3 25. Qxa5 Nxa5+ 26. Kd1 Rxb2 27. Nc1
Nc3+ 28. Ke1 Nxa2 29. Nxa2 Rxa2 30. Kd1 Nb3 0-1

[Event "III Open"]
[Site "Locri ITA"]
[Date "2015.07.15"]
[Round "3"]
[White "Paragliola, Gennaro"]
[Black "Romeo, Giovanni M."]
[WhiteElo "1495"]
[BlackElo "1479"]
[Result "0-1"]
[PlyCount "48"]
[EventDate "2015.07.13"]

1. d4 e6 2. e4 g6 3. f3 Bg7 4. Be3 a6 5. c4 Ne7 6. Nc3 O-O 7. Nge2 b5 8. Qd2
Bb7 9. h4 d6 10. h5 c5 11. d5 e5 12. hxg6 fxg6 13. Bh6 Rf7 14. Bxg7 Rxg7 15.
O-O-O Qe8 16. f4 h5 17. cxb5 axb5 18. a3 b4 19. Nb1 Qa4 20. fxe5 dxe5 21. Ng3
Ba6 22. d6 Nec6 23. d7 Rxd7 24. Qg5 Rxd1# 0-1

[Event "III Open"]
[Site "Locri ITA"]
[Date "2015.07.15"]
[Round "3"]
[White "Strangio, Giuseppe"]
[Black "Mercuri, Delia"]
[WhiteElo "1468"]
[BlackElo "1556"]
[Result "0-1"]
[PlyCount "58"]
[EventDate "2015.07.13"]

1. e4 e6 2. d4 d5 3. e5 c5 4. c3 cxd4 5. cxd4 Ne7 6. Nf3 Qb6 7. Be2 Nbc6 8. Na3
a6 9. O-O Nf5 10. Nc2 Nb4 11. Nxb4 Bxb4 12. a3 Be7 13. b4 O-O 14. Bb2 Bd7 15.
Qd2 Rac8 16. Rac1 Bb5 17. Bxb5 Qxb5 18. Rxc8 Rxc8 19. Ne1 Qc4 20. g4 Nh4 21. f4
Qb3 22. Kh1 f5 23. gxf5 Nxf5 24. Rg1 g6 25. Bc1 Bh4 26. Ng2 Rc2 27. Qd1 Bf2 28.
Rf1 Bxd4 29. Qf3 Qxf3 0-1

[Event "III Open"]
[Site "Locri ITA"]
[Date "2015.07.15"]
[Round "3"]
[White "Strebkovs, Andrejs"]
[Black "Drasko, Milan"]
[WhiteElo "2356"]
[BlackElo "2437"]
[Result "1/2-1/2"]
[PlyCount "20"]
[EventDate "2015.07.13"]

1. d4 e6 2. Nf3 Nf6 3. Bg5 c5 4. e3 Be7 5. Nbd2 b6 6. c3 Bb7 7. Bd3 Nc6 8. a3
cxd4 9. cxd4 Nd5 10. Bxe7 Ncxe7 1/2-1/2

[Event "III Open"]
[Site "Locri ITA"]
[Date "2015.07.15"]
[Round "4"]
[White "Drasko, Milan"]
[Black "Lazic, Miroljub"]
[WhiteElo "2437"]
[BlackElo "2466"]
[Result "1/2-1/2"]
[PlyCount "23"]
[EventDate "2015.07.13"]

1. d4 d5 2. c4 c6 3. Nc3 Nf6 4. e3 e6 5. Nf3 Nbd7 6. Qc2 Bd6 7. b3 O-O 8. Be2
Qe7 9. O-O dxc4 10. bxc4 e5 11. Rd1 Re8 12. a4 1/2-1/2

[Event "III Open"]
[Site "Locri ITA"]
[Date "2015.07.15"]
[Round "4"]
[White "Familari, Simone"]
[Black "Maduranga, Thushara"]
[WhiteElo "1485"]
[BlackElo "1720"]
[Result "0-1"]
[PlyCount "70"]
[EventDate "2015.07.13"]

1. e4 d6 2. Nf3 g6 3. Bc4 Bg7 4. d3 Nf6 5. c3 O-O 6. Bg5 Nc6 7. Nbd2 h6 8. Bh4
g5 9. Bg3 Nh5 10. Nf1 e5 11. h3 Na5 12. Bb3 Kh7 13. Bh2 Nf6 14. Ng3 Qe8 15. O-O
g4 16. hxg4 Bxg4 17. Nf5 Rg8 18. N5h4 Kh8 19. Bc2 Nh7 20. Qd2 Bf8 21. d4 f6 22.
Rfe1 Qh5 23. Qd3 Ng5 24. Bd1 Bxf3 25. Nxf3 Nh3+ 26. Kf1 Ng5 27. b4 Nxf3 28.
Qxf3 Qxh2 29. bxa5 Qh1+ 30. Ke2 Qxg2 31. Qxf6+ Bg7 32. Qe7 exd4 33. cxd4 Rae8
34. Qxc7 Qxe4+ 35. Kf1 Qxe1+ 0-1

[Event "III Open"]
[Site "Locri ITA"]
[Date "2015.07.15"]
[Round "4"]
[White "Iannello, Andrea"]
[Black "Cordi', Domenico"]
[WhiteElo "1985"]
[BlackElo "2037"]
[Result "1-0"]
[PlyCount "55"]
[EventDate "2015.07.13"]

1. e4 e5 2. Nf3 Nc6 3. Bb5 a6 4. Ba4 Nf6 5. Qe2 Be7 6. c3 b5 7. Bc2 d6 8. O-O
O-O 9. h3 Bb7 10. Rd1 Re8 11. a4 Qd7 12. d3 h6 13. Be3 d5 14. Nbd2 d4 15. cxd4
exd4 16. Bf4 Bd6 17. Bxd6 Qxd6 18. Nf1 Nh5 19. Qd2 Rad8 20. Nh4 Bc8 21. Rdc1
Qf6 22. Bd1 Rd6 23. Bxh5 Qxh4 24. Ng3 b4 25. Rc5 Ne5 26. Rxc7 Rf6 27. Rac1 Bd7
28. Be2 1-0

[Event "III Open"]
[Site "Locri ITA"]
[Date "2015.07.15"]
[Round "4"]
[White "Mercuri, Delia"]
[Black "Cartella, Giovanni"]
[WhiteElo "1556"]
[BlackElo "1817"]
[Result "0-1"]
[PlyCount "52"]
[EventDate "2015.07.13"]

1. e4 c5 2. c3 Nc6 3. Nf3 e6 4. Bb5 a6 5. Bxc6 bxc6 6. O-O Qc7 7. d4 cxd4 8.
Nxd4 Nf6 9. Re1 c5 10. Nf3 Bb7 11. e5 Ng4 12. Bf4 Qc6 13. c4 h5 14. h3 O-O-O
15. Nc3 Nh6 16. Ne4 Nf5 17. Qd3 Be7 18. Nd6+ Bxd6 19. exd6 f6 20. Rad1 g5 21.
Bd2 g4 22. Bc3 Rhf8 23. Ba5 Rde8 24. b4 gxf3 25. g3 Rg8 26. Rb1 Qxd6 0-1

[Event "III Open"]
[Site "Locri ITA"]
[Date "2015.07.15"]
[Round "4"]
[White "Mollace, Ruggero"]
[Black "Naumkin, Igor"]
[WhiteElo "1763"]
[BlackElo "2437"]
[Result "0-1"]
[PlyCount "96"]
[EventDate "2015.07.13"]

1. e4 e6 2. d4 d5 3. exd5 exd5 4. Nc3 Nf6 5. Bg5 Be7 6. Nf3 h6 7. Bh4 O-O 8.
Be2 Nc6 9. O-O Ne4 10. Bxe7 Nxe7 11. Bd3 Nxc3 12. bxc3 Bg4 13. h3 Bh5 14. Re1
Qd6 15. Re3 c5 16. Re5 Bg6 17. Bxg6 Nxg6 18. dxc5 Qxc5 19. Rxd5 Qxc3 20. Rd3
Qa5 21. Qd2 Qxd2 22. Rxd2 Rfc8 23. Rd7 b6 24. Rc1 Rc3 25. Rd2 Nf4 26. Ne1 Rac8
27. Kh2 Kf8 28. g3 Ne6 29. Ra1 Ra3 30. Rd3 Rxd3 31. cxd3 Rc5 32. Rd1 Ke7 33. d4
Rc4 34. d5 Rd4 35. Rxd4 Nxd4 36. Ng2 Nc2 37. Ne3 Nxe3 38. fxe3 f5 39. g4 Kd6
40. gxf5 Kxd5 41. Kg3 Ke5 42. Kg4 b5 43. h4 b4 44. e4 Kxe4 45. f6 gxf6 46. Kh5
f5 47. Kxh6 f4 48. Kg7 f3 0-1

[Event "III Open"]
[Site "Locri ITA"]
[Date "2015.07.15"]
[Round "4"]
[White "Mrdja, Milan"]
[Black "Laketic, Gojko"]
[WhiteElo "2360"]
[BlackElo "2422"]
[Result "0-1"]
[PlyCount "45"]
[EventDate "2015.07.13"]

1. e4 Nf6 2. e5 Nd5 3. d4 d6 4. Nf3 Nb6 5. h3 g6 6. exd6 cxd6 7. c4 Bg7 8. Nc3
O-O 9. Be2 Nc6 10. O-O Bf5 11. Be3 d5 12. c5 Nc4 13. Bc1 b6 14. b3 bxc5 15.
bxc4 cxd4 16. g4 d3 17. Bxd3 Bxc3 18. Rb1 dxc4 19. Bxf5 Qxd1 20. Rxd1 gxf5 21.
Bh6 Rfd8 22. gxf5 Ne5 23. Rxd8+ 0-1

[Event "III Open"]
[Site "Locri ITA"]
[Date "2015.07.15"]
[Round "4"]
[White "Nobile, Stefano"]
[Black "Femia, Diego"]
[WhiteElo "1819"]
[BlackElo "1365"]
[Result "1-0"]
[PlyCount "39"]
[EventDate "2015.07.13"]

1. Nf3 Nc6 2. g3 d5 3. Bg2 e5 4. d3 Nf6 5. O-O g6 6. Nbd2 Bg7 7. e4 d4 8. Nc4
Bg4 9. a4 O-O 10. Qe1 Re8 11. Nh4 Nd7 12. f4 Be6 13. b3 Bxc4 14. bxc4 exf4 15.
gxf4 f6 16. Qf2 Ne7 17. Bh3 Rf8 18. Qg3 c5 19. Bd2 Rf7 20. Be6 1-0

[Event "III Open"]
[Site "Locri ITA"]
[Date "2015.07.15"]
[Round "4"]
[White "Paragliola, Gennaro"]
[Black "Manti, Elisa"]
[WhiteElo "1495"]
[BlackElo "1481"]
[Result "1/2-1/2"]
[PlyCount "155"]
[EventDate "2015.07.13"]

1. d4 e6 2. e4 g6 3. c4 Bg7 4. f3 Ne7 5. Be3 O-O 6. Qd2 d6 7. Nc3 b6 8. Bh6 c5
9. Bxg7 Kxg7 10. d5 e5 11. h4 Nd7 12. h5 a6 13. hxg6 fxg6 14. Qh6+ Kf7 15.
Qxh7+ Ke8 16. Nh3 Nf6 17. Qh4 Kd7 18. Ng5 Kc7 19. O-O-O Bd7 20. Be2 Rh8 21.
Ne6+ Bxe6 22. Qxf6 Rxh1 23. Rxh1 Bd7 24. Rh7 Ng8 25. Qxg6 Ra7 26. Rh8 Ra8 27.
Qg7 Qe8 28. g3 Rd8 29. f4 Kc8 30. f5 Qf8 31. Qxf8 Rxf8 32. g4 Kd8 33. g5 Ke7
34. g6 Kf6 35. Na4 Bxa4 36. Rh7 a5 37. Rb7 Kg5 38. Rxb6 Rd8 39. Ra6 Kf4 40. Bd3
Ke3 41. Rxa5 Kxd3 42. Rxa4 Nf6 43. Ra7 Rh8 44. b3 Rh1+ 45. Kb2 Kxe4 46. Rf7 Ne8
47. Rf8 Ng7 48. f6 Nh5 49. g7 Nxf6 50. Rxf6 Rg1 51. Rf7 Kd4 52. Rd7 Rg6 53. a4
e4 54. Re7 e3 55. a5 Kd3 56. a6 e2 57. a7 Rxg7 58. Rxe2 Rxa7 59. Re6 Ra6 60.
Rh6 Ke4 61. Kc3 Kf4 62. Re6 Kf5 63. Re8 Kf6 64. Re6+ Kf7 65. Re1 Kf6 66. Rb1
Ra3 67. Rf1+ Ke5 68. Re1+ Kf6 69. Kb2 Ra6 70. Ra1 Rb6 71. Kc3 Ke5 72. Ra5 Ke4
73. Rb5 Rxb5 74. cxb5 Kxd5 75. Kd3 Ke6 76. Kc4 Kd7 77. Kd5 Kc7 78. Kc4 1/2-1/2

[Event "III Open"]
[Site "Locri ITA"]
[Date "2015.07.15"]
[Round "4"]
[White "Romeo, Giovanni M."]
[Black "Strangio, Giuseppe"]
[WhiteElo "1479"]
[BlackElo "1468"]
[Result "1-0"]
[PlyCount "63"]
[EventDate "2015.07.13"]

1. e4 c5 2. Nf3 Nc6 3. d4 cxd4 4. Nxd4 Nf6 5. Nc3 e5 6. Nxc6 bxc6 7. Bg5 Be7 8.
Bxf6 Bxf6 9. Bc4 O-O 10. Qe2 Qb6 11. O-O-O Bg5+ 12. Kb1 Rb8 13. Bb3 a5 14. Na4
Qa7 15. h4 Be7 16. g4 Rd8 17. g5 g6 18. Qf3 Rf8 19. Rdg1 Kh8 20. h5 d6 21. hxg6
fxg6 22. Bf7 Be6 23. Rh6 Rxf7 24. Qh1 Qxf2 25. Rxg6 Bc4 26. Rc1 Be2 27. Nc3 Qb6
28. b3 Ba6 29. Qh5 Rg8 30. Rh6 Kg7 31. Rxh7+ Kf8 32. Qxf7# 1-0

[Event "III Open"]
[Site "Locri ITA"]
[Date "2015.07.15"]
[Round "4"]
[White "Rotstein, Arkadij"]
[Black "Strebkovs, Andrejs"]
[WhiteElo "2502"]
[BlackElo "2356"]
[Result "1/2-1/2"]
[PlyCount "109"]
[EventDate "2015.07.13"]

1. g3 Nf6 2. Bg2 d5 3. d3 g6 4. Nd2 Bg7 5. e4 e5 6. Ngf3 Nc6 7. O-O O-O 8. a3
a5 9. b3 d4 10. Bb2 Nd7 11. Bh3 Nc5 12. Bxc8 Qxc8 13. Nh4 f5 14. Qe2 Qd7 15.
Rae1 f4 16. gxf4 Rxf4 17. Ng2 Rf7 18. f4 Raf8 19. fxe5 Ne6 20. Nf3 Nxe5 21.
Nxe5 Bxe5 22. Bc1 Nc5 23. Rxf7 Rxf7 24. Rf1 Rxf1+ 25. Qxf1 Qh3 26. Bf4 Bxf4 27.
Qxf4 Ne6 28. Qe5 Qg4 29. h4 Kf7 30. Kh2 Qe2 31. Qxa5 Qxc2 32. Qb5 Qc5 33. Qd7+
Qe7 34. Qxe7+ Kxe7 35. b4 Kd6 36. Kg3 c5 37. Nf4 Nc7 38. Kg4 cxb4 39. axb4 b5
40. Kg5 Ke5 41. Ne2 Na6 42. Ng1 Nxb4 43. Nf3+ Ke6 44. Nxd4+ Kf7 45. Nxb5 Nxd3
46. Nd6+ Ke7 47. Nc4 Kf7 48. Kh6 Kg8 49. e5 Nf4 50. Nd6 Ng2 51. Kg5 Kf8 52. Ne4
Ke7 53. Nf6 Ke6 54. Nxh7 Kxe5 55. Kxg6 1/2-1/2